| 000 | 00616nam a22002177a 4500 | ||
|---|---|---|---|
| 003 | UA-OsUOA | ||
| 001 | 16816 | ||
| 007 | ta | ||
| 008 | 20030908b un ||||| |||| 00| 0 ukr d | ||
| 090 | _bН-676 | ||
| 942 | _cBK | ||
| 040 |
_aUA-OsUOA _bukr _cUA-OsUOA _dUA-OsUOA |
||
| 245 |
_aНімці на Північній Україні - Волинь і Київ _bВиставка історичного товариства "Волинь" |
||
| 300 | _a54 с. | ||
| 955 | _a0 | ||
| 041 | _aukr | ||
| 591 | _a63.52(4Укр) | ||
| 260 |
_aВізентхайд _c2001 |
||
| 044 | _aUA | ||
| 650 | 7 |
_aВиставки _2UDC |
|
| 999 |
_c302983 _d302983 |
||